zpět

Detail výsledku týmu

Adélka, Pustiměř

Datum a čas kvízu

26 Celkem bodů Celkový počet nahraných bodů na tomto kvízu bez doplňovacích otázek.
4. Pořadí na kvízu Konečné umístění týmu na tomto kvízu.

Zaznamenané odpovědi

# Otázka Odpověď Body Výsledky
1. Zvolený prezident Petr Pavel z... 58,32 % 1
2. Novým premiérem jedné země se... Nový Zéland 0
3. Americká Akademie filmového um... B) Všechno, všude, najednou 0
4. Minulý týden se k planetě Zemi... Neandertálská kometa 0
5. Tento 21letý český tenista svo... Jiří Lehečka 1
6. Dne 15. dubna 1986 byl jeden z... Vojtěch Filip 0
7. Koncem 70. let vznikla ve Velk... Sex Pistols 0
8. Pod kterou přezdívkou je znám... Yzomandias 0
9. Přezdívky mají i státy USA. Do... 1C 2B 3D 4A 1
10. I mnozí sportovci si dávají př... Kaká 1